000
00294nam a2200133Ia 4500
008
191201s2017 xx 000 0 und d
100
_a
GANAPATHI, S L
245
0
_a
Logistics Management
260
_b
Oxford
_c
2017
300
_a
582
650
_a
BBA
700
_a
NANDI, S K
942
_2
ddc
_c
BK
999
_c
6939
_d
6939